MARC details
| 000 -CABECERA |
| campo de control de longitud fija |
02035nam a2200445 i 4500 |
| 001 - NÚMERO DE CONTROL |
| campo de control |
112382 |
| 003 - IDENTIFICADOR DEL NÚMERO DE CONTROL |
| campo de control |
mxcmmo |
| 005 - FECHA Y HORA DE LA ÚLTIMA TRANSACCIÓN |
| campo de control |
20260410102530.0 |
| 008 - DATOS DE LONGITUD FIJA--INFORMACIÓN GENERAL |
| campo de control de longitud fija |
s2024 cmmaeo g b 000 spa d |
| 040 ## - FUENTE DE LA CATALOGACIÓN |
| Centro catalogador/agencia de origen |
mxcmmo |
| Lengua de catalogación |
spa |
| Centro/agencia transcriptor |
mxcmmo |
| Normas de descripción |
rda |
| 041 0# - CÓDIGO DE LENGUA |
| Código de lengua del texto/banda sonora o título independiente |
spa |
| 043 ## - CÓDIGO DE ÁREA GEOGRÁFICA |
| Código de área geográfica |
n-mx--- |
| 045 ## - PERIODO DE TIEMPO DEL CONTENIDO |
| Código de periodo de tiempo |
w7x2 |
| 082 04 - NÚMERO DE LA CLASIFICACIÓN DECIMAL DEWEY |
| Número de clasificación |
363.75 |
| Número de documento/Ítem |
VAZ.n |
| 100 ## - ENTRADA PRINCIPAL--NOMBRE DE PERSONA |
| Nombre de persona |
Vázquez Aguilar, Alicia Elena |
| Término indicativo de función/relación |
autor |
| 9 (RLIN) |
199301 |
| 245 14 - MENCIÓN DE TÍTULO |
| Título |
Los nuevos panteones de la Ciudad de México y la conformación de una región funeraria, 1875-1926 / |
| Mención de responsabilidad, etc. |
Alicia Elena Vázquez Aguilar ; directora, Eulalia Ribera Carbó |
| 264 #1 - PRODUCCIÓN, PUBLICACIÓN, DISTRIBUCIÓN, FABRICACIÓN Y COPYRIGHT |
| Fecha de producción, publicación, distribución, fabricación o copyright |
2024 |
| 300 ## - DESCRIPCIÓN FÍSICA |
| Extensión |
341 páginas : |
| Otras características físicas |
ilustraciones, tablas, planos, fotografías ;; |
| Dimensiones |
24 cm |
| 336 ## - TIPO DE CONTENIDO |
| Término de tipo de contenido |
texto |
| Código de tipo de contenido |
txt |
| Fuente |
rdacontent |
| 337 ## - TIPO DE MEDIO |
| Nombre/término del tipo de medio |
sin medio |
| Código del tipo de medio |
n |
| Fuente |
rdamedia |
| 338 ## - TIPO DE SOPORTE |
| Nombre/término del tipo de soporte |
volumen |
| Código del tipo de soporte |
nc |
| Fuente |
rdacarrier |
| 500 ## - NOTA GENERAL |
| Nota general |
Disponible en BIBLIOTECA DIGITAL |
| 502 ## - NOTA DE TESIS |
| Nota de tesis |
Tesis. |
| Tipo de título |
Maestría. |
| Nombre de la institución que otorga el título |
Instituto de Investigaciones Dr. José María Luis Mora, Maestría en Estudios Regionales, |
| Año de obtención del título |
2024 |
| 504 ## - NOTA DE BIBLIOGRAFÍA, ETC. |
| Nota de bibliografía, etc. |
Incluye referencias bibliográficas (páginas 320-341) |
| 538 ## - NOTA DE DETALLES DEL SISTEMA |
| Nota de detalles del sistema |
A |
| 541 0# - NOTA DE FUENTE DE ADQUISICIÓN DIRECTA |
| Fuente de adquisición |
Instituto Mora |
| Forma de adquisición |
Depósito |
| 650 #0 - PUNTO DE ACCESO ADICIONAL DE MATERIA--TÉRMINO DE MATERIA |
| Término de materia o nombre geográfico como elemento de entrada |
Urbanización |
| Subdivisión geográfica |
Ciudad de México |
| Subdivisión general |
Historia |
| 9 (RLIN) |
192436 |
| 650 #7 - PUNTO DE ACCESO ADICIONAL DE MATERIA--TÉRMINO DE MATERIA |
| Término de materia o nombre geográfico como elemento de entrada |
Cementerios |
| Subdivisión geográfica |
Ciudad de México |
| Subdivisión general |
Historia |
| 9 (RLIN) |
204057 |
| 650 #7 - PUNTO DE ACCESO ADICIONAL DE MATERIA--TÉRMINO DE MATERIA |
| Término de materia o nombre geográfico como elemento de entrada |
Cementerios |
| Subdivisión geográfica |
Ciudad de México |
| -- |
Tacuba |
| Subdivisión general |
Historia |
| 9 (RLIN) |
204058 |
| 650 #7 - PUNTO DE ACCESO ADICIONAL DE MATERIA--TÉRMINO DE MATERIA |
| Término de materia o nombre geográfico como elemento de entrada |
Costumbres luctuosas |
| Subdivisión geográfica |
Ciudad de México |
| Subdivisión general |
Historia |
| 9 (RLIN) |
199303 |
| 700 1# - PUNTO DE ACCESO ADICIONAL--NOMBRE DE PERSONA |
| Nombre de persona |
Ribera Carbó, Eulalia |
| Término indicativo de función/relación |
asesora |
| 9 (RLIN) |
205640 |
| 710 ## - PUNTO DE ACCESO ADICIONAL--NOMBRE DE ENTIDAD CORPORATIVA |
| Nombre de entidad corporativa o nombre de jurisdicción como elemento de entrada |
Instituto de Investigaciones Dr. José María Luis Mora (México, D.F.) |
| Unidad subordinada |
Maestría en Estudios Regionales |
| 9 (RLIN) |
46434 |
| 856 40 - LOCALIZACIÓN Y ACCESO ELECTRÓNICOS |
| Identificador Uniforme del Recurso |
https://mora.koha.es/cgi-bin/koha/opac-retrieve-file.pl?id=3b0e1f20abe96cd188ed8d5c7f2475bd |
| Texto de enlace |
Acceso PDF |
| 856 40 - LOCALIZACIÓN Y ACCESO ELECTRÓNICOS |
| Identificador Uniforme del Recurso |
https://mora.repositorioinstitucional.mx/jspui/bitstream/1018/738/3/MER%20Alicia%20E%20V%c3%a1zquez%20A.pdf |
| Texto de enlace |
Acceso PDF desde Repositorio Institucional |
| 900 ## - ELEMENTOS DE DATOS A LOCAL, LDA (RLIN) |
| Numeración |
20 |
| Títulos y otros términos asociados al nombre |
20240813 |
| Lenguaje de la obra |
MOR01 |
| 900 ## - ELEMENTOS DE DATOS A LOCAL, LDA (RLIN) |
| Numeración |
Rocío José González |
| Títulos y otros términos asociados al nombre |
20240813 |
| Lenguaje de la obra |
MOR01 |
| 904 ## - ELEMENTOS DE DATOS D LOCAL, LDD (RLIN) |
| a |
UPDATE |
| 942 ## - ELEMENTOS DE PUNTO DE ACCESO ADICIONAL (KOHA) |
| Código de la institución [OBSOLETO] |
BK |
| Fuente del sistema de clasificación o colocación |
Clasificación Decimal Dewey |
| Tipo de ítem Koha |
Libro |
| 901 ## - ELEMENTOS DE DATOS A LOCAL LDA (RLIN) |
| a |
Cecilia Luna |